000 00291nam a22001097a 4500
082 _a355.02 BUC'D
100 _aNEWBOLT, HENRY,BUCHAIN, JOHN
_957638
245 _aDAYS TO REMEMBER THE BRITISH EMPIRE IN THE GREAT WAR
260 _aLONDON
_bTHOMAS NELSON
_c1937
300 _a200P
942 _cBK
999 _c567907
_d567907